000 00757nam a2200193Ia 4500
001 5657
003 GE_BSU
008 181216s||||||||xx |||||||||||||| ||und||
020 _a978994100549
040 _cGE_BSU
080 _a343.9
245 _aკრიმინოლოგია და სამართალდამცავი სისტემა საქართველოში
245 _cსამეც.რედ.პროფ.გიორგი ღლონტი
260 _aთბილისი
260 _c2008
300 _a478გვ.29სმ.
653 _aკრიმინოლოგია და სამართალდამცავი სისტემა საქართველოში
942 _cBK
999 _c39088
_d39088